Entremes de los muertos vivos (Record no. 137046)

MARC details
000 -CABECERA
campo de control de longitud fija 02277nam a2200481 i 4500
001 - NÚMERO DE CONTROL
campo de control 991061718032306706
003 - IDENTIFICADOR DEL NÚMERO DE CONTROL
campo de control ES-BaIT
005 - FECHA Y HORA DE LA ÚLTIMA TRANSACCIÓN
campo de control 20260212140622.0
008 - DATOS DE LONGITUD FIJA--INFORMACIÓN GENERAL
campo de control de longitud fija 260212s17301767sp r 000 d spa c
040 ## - FUENTE DE LA CATALOGACIÓN
Centro catalogador/agencia de origen ES-BaIT
Lengua de catalogación cat
Normas de descripción rda
Centro/agencia transcriptor ES-BaIT
080 ## - NÚMERO DE LA CLASIFICACIÓN DECIMAL UNIVERSAL
Número de la Clasificación Decimal Universal 860-2"17"
100 1# - ENTRADA PRINCIPAL--NOMBRE DE PERSONA
Nombre de persona Quiñones de Benavente, Luis,
Fechas asociadas al nombre 1589-1651
Término indicativo de función/relación autor
9 (RLIN) 41017
245 10 - MENCIÓN DE TÍTULO
Título Entremes de los muertos vivos
246 30 - FORMA VARIANTE DE TÍTULO
Título propio/Titulo breve Los muertos vivos
264 #1 - PRODUCCIÓN, PUBLICACIÓN, DISTRIBUCIÓN, FABRICACIÓN Y COPYRIGHT
Producción, publicación, distribución, fabricación y copyright En Cordob. :
Nombre del de productor, editor, distribuidor, fabricante en la imprenta del Colegio de la Assumpc.,
Fecha de producción, publicación, distribución, fabricación o copyright [entre 1730-1767]
300 ## - DESCRIPCIÓN FÍSICA
Extensión 8 pàgines sense numerar ;
Dimensiones
336 ## - TIPO DE CONTENIDO
Término de tipo de contenido text
Código de tipo de contenido txt
Fuente rdacontent
337 ## - TIPO DE MEDIO
Nombre/término del tipo de medio sense mediació
Código del tipo de medio n
Fuente rdamedia
338 ## - TIPO DE SOPORTE
Nombre/término del tipo de soporte volum
Código del tipo de soporte nc
Fuente rdacarrier
500 ## - NOTA GENERAL
Nota general Lloc d'impressió i impressor obtinguts del colofó
500 ## - NOTA GENERAL
Nota general Data d'impressió deduïda dels anys d'activitat de l'impressor
500 ## - NOTA GENERAL
Nota general Entremès probablement desglossat, encara que sense identificar la part
500 ## - NOTA GENERAL
Nota general Signatura: X⁴
500 ## - NOTA GENERAL
Nota general P7: D3, H4 i altres
508 ## - NOTA DE CRÉDITOS DE CREACIÓN O PRODUCCIÓN
Nota de créditos de creación o producción L'autor és Luis Quiñones de Benavente, segons Barrera y Leirado
510 1# - NOTA DE CITAS O REFERENCIAS BIBLIOGRÁFICAS
Nombre de la fuente Barrera y Leirado. Catálogo bibliográfico y biográfico del teatro antiguo español
Localización dentro de la fuente pàgina 33
533 ## - NOTA DE REPRODUCCIÓN
Tipo de reproducción Reproducció digital disponible a Biblioescènic
593 00 - Camps col·lecció exemplar
Signatura topogràfica i/o núm. de registre VIT-084/03.
Notes Relligat en volum factici.
Història de l’exemplar. Procedència Procedència: Col·lecció Joaquín Montaner.
Digitalització Exemplar digitalitzat per Crossland.
Nom de la col·lecció especial Artur Sedó. Col·lecció Joaquín Montaner
655 #7 - TÉRMINO DE INDIZACIÓN--GÉNERO/FORMA
Datos o término principal de género/forma Entremesos castellans
Subdivisión cronológica S. XVIII
Fuente del término lemac
9 (RLIN) 168430
710 2# - ENTRADA AGREGADA--NOMBRE DE ENTIDAD CORPORATIVA
Nombre de entidad corporativa o nombre de jurisdicción como elemento de entrada Imprenta del Colegio de la Asunción (Córdoba)
Término indicativo de función/relación impressor
9 (RLIN) 168431
730 0# - ENTRADA AGREGADA--TÍTULO UNIFORME
Título uniforme Col·lecció digital Biblioescènic del MAE
9 (RLIN) 69172
752 ## - ENTRADA AGREGADA--NOMBRE JERÁRQUICO DEL LUGAR
País o entidad superior Espanya
Jurisdicción política de primer nivel Andalusia
Ciudad Córdoba
856 41 - LOCALIZACIÓN Y ACCESO ELECTRÓNICOS
Nota pública Accés lliure (Biblioescènic)
Especificación de materiales Exemplar VIT-084/03
Identificador Uniforme del Recurso <a href="https://books.cdmae.cat/visorpdf/?recurs=SV0084-03">https://books.cdmae.cat/visorpdf/?recurs=SV0084-03</a>
856 41 - LOCALIZACIÓN Y ACCESO ELECTRÓNICOS
Nota pública Accés lliure (Bibilioteca Digital Hispánica)
Identificador Uniforme del Recurso <a href="https://bnedigital.bne.es/bd/card?oid=0000257391&site=bdh">https://bnedigital.bne.es/bd/card?oid=0000257391&site=bdh</a>
856 42 - LOCALIZACIÓN Y ACCESO ELECTRÓNICOS
Especificación de materiales Fitxa del catàleg manual
Identificador Uniforme del Recurso <a href="http://www.cdmae.cat/sedo/imgtitulos/048/P0000045.gif">http://www.cdmae.cat/sedo/imgtitulos/048/P0000045.gif</a>
902 ## - ELEMENTOS DE DATOS B LOCAL, LDB (RLIN)
a Patrimoni
902 ## - ELEMENTOS DE DATOS B LOCAL, LDB (RLIN)
a Fons antic
908 ## - COLOCAR PARÁMETRO DE COMANDO (RLIN)
Colocar parámetro de comando CDMAE
940 ## - EQUIVALENCIA O REFERENCIA-CRUZADA--TÍTULO UNIFORME [OBSOLETO] [solamente CAN/MARC]
Título uniforme <a href="CDMAE">CDMAE</a>
942 ## - ELEMENTOS DE ENTRADA AGREGADA (KOHA)
Fuente del sistema de clasificación o colocación Clasificación decimal universal
Tipo de ítem Koha Digital
Holdings
Estado de retiro Estado de pérdida Fuente del sistema de clasificación o colocación Estado dañado No para préstamo Código de colección Localización permanente Ubicación/localización actual Ubicación en estantería Fecha de adquisición Fuente de adquisición Total de préstamos Signatura topográfica completa Código de barras Fecha visto por última vez Precio válido a partir de Tipo de ítem Koha
    Clasificación decimal universal   Exclòs de préstec Artur Sedó. Col·lecció Joaquín Montaner Biblioteca Barcelona Biblioteca Barcelona BCN Magatzem Sedó Vitrina 12/02/2026 Reconversió   VIT-084/03 vit08403 12/02/2026 12/02/2026 Antiquària

Powered by Koha